|
|
|
|
| LEADER |
01574nam a2200373Ia 4500 |
| 001 |
EBC338129 |
| 003 |
MiAaPQ |
| 005 |
20200520144314.0 |
| 006 |
m o d | |
| 007 |
cr cn||||||||| |
| 008 |
070510s2007 nyuab sb 001 0 eng d |
| 020 |
|
|
|z 9780387718149
|
| 020 |
|
|
|z 0387718141
|
| 035 |
|
|
|a (MiAaPQ)EBC338129
|
| 035 |
|
|
|a (Au-PeEL)EBL338129
|
| 035 |
|
|
|a (CaPaEBR)ebr10205325
|
| 035 |
|
|
|a (CaONFJC)MIL133772
|
| 035 |
|
|
|a (OCoLC)187153312
|
| 040 |
|
|
|a MiAaPQ
|c MiAaPQ
|d MiAaPQ
|
| 050 |
|
4 |
|a HC85
|b .H36 2007
|
| 245 |
0 |
0 |
|a Handbook of operations research in natural resources
|h [electronic resource] /
|c edited by Andres Weintraub ... [et al.] ; with the collaboration of Jaime Miranda.
|
| 260 |
|
|
|a New York :
|b Springer Science+Business Media,
|c c2007.
|
| 300 |
|
|
|a xiv, 614 p. :
|b ill., maps.
|
| 490 |
1 |
|
|a International series in operations research & management science ;
|v ISOR 99
|
| 504 |
|
|
|a Includes bibliographical references and index.
|
| 533 |
|
|
|a Electronic reproduction. Ann Arbor, MI : ProQuest, 2015. Available via World Wide Web. Access may be limited to ProQuest affiliated libraries.
|
| 650 |
|
0 |
|a Natural resources
|x Management
|x Statistical methods.
|
| 650 |
|
0 |
|a Natural resources
|x Management
|v Case studies.
|
| 650 |
|
0 |
|a Operations research.
|
| 655 |
|
4 |
|a Electronic books.
|
| 700 |
1 |
|
|a Weintraub, Andres.
|
| 710 |
2 |
|
|a ProQuest (Firm)
|
| 830 |
|
0 |
|a International series in operations research & management science ;
|v 99.
|
| 856 |
4 |
0 |
|u https://ebookcentral.proquest.com/lib/matrademy/detail.action?docID=338129
|z Click to View
|